[Event "Titled Tuesday intern op 20th May Late"]
[Site "Chess.com INT"]
[Date "2025.05.20"]
[Round "5"]
[White "Logozar, Elijah"]
[Black "Burmakin, Vladimir"]
[Result "1-0"]
[WhiteElo "1945"]
[BlackElo "2435"]
[PlyCount "97"]
[EventDate "2025.05.20"]
[EventType "swiss (blitz)"]
[EventRounds "11"]
[EventCountry "USA"]
[SourceTitle "CB22_2025"]
[SourceDate "2025.05.28"]
[SourceVersion "1"]
[SourceVersionDate "2025.05.28"]
[SourceQuality "1"]

1. e4 c6 2. d4 d5 3. e5 Bf5 4. h4 h5 5. Bd3 Bxd3 6. Qxd3 Qa5+ 7. Nd2 e6 8. Ne2 Qa6 9. c4 dxc4 10. Nxc4 Nd7 11. 0-0 Nb6 12. b3 Nd5 13. Ng3 b5 14. Ne3 Nge7 15. Ne4 Ng6 16. Nxd5 cxd5 17. Nc3 Nxh4 18. a4 Be7 19. Qxb5+ Qxb5 20. Nxb5 Kd7 21. Ba3 Bxa3 22. Rxa3 Nf5 23. Rc1 Rhc8 24. Rxc8 Rxc8 25. Nxa7 Rc1+ 26. Kh2 Nxd4 27. b4 Rc7 28. Nb5 Nxb5 29. axb5 Rb7 30. Ra5 f6 31. f4 Ke7 32. Kg3 Kf7 33. Kf3 fxe5 34. fxe5 g5 35. Ke3 h4 36. Kd4 g4 37. Kc5 Rc7+ 38. Kd6 Rc4 39. Ra4 h3 40. gxh3 gxh3 41. b6 h2 42. b7 h1Q 43. b8Q Kg6 44. Ra7 Kf5 45. Qg8 Qh3 46. Rh7 Qf3 47. Rf7+ Ke4 48. Rxf3 Kxf3 49. Qxe6 1-0

[Event "Titled Tuesday intern op 20th May Late"]
[Site "Chess.com INT"]
[Date "2025.05.20"]
[Round "6"]
[White "Novosel, Lovro"]
[Black "Logozar, Elijah"]
[Result "0-1"]
[WhiteElo "2346"]
[BlackElo "1945"]
[PlyCount "64"]
[EventDate "2025.05.20"]
[EventType "swiss (blitz)"]
[EventRounds "11"]
[EventCountry "USA"]
[SourceTitle "CB22_2025"]
[SourceDate "2025.05.28"]
[SourceVersion "1"]
[SourceVersionDate "2025.05.28"]
[SourceQuality "1"]

1. Nf3 d5 2. c4 c6 3. d4 Nf6 4. Nc3 e6 5. Bg5 dxc4 6. e4 b5 7. e5 h6 8. Bh4 g5 9. Nxg5 hxg5 10. Bxg5 Nbd7 11. Qf3 Qb6 12. Bxf6 Nxf6 13. Qxf6 Rg8 14. Rd1 Be7 15. Qf4 Bb7 16. h4 0-0-0 17. Qxf7 Bb4 18. Qxe6+ Kb8 19. a3 Ba5 20. Rh3 Bc8 21. Qh6 Bxh3 22. gxh3 Rxd4 23. f4 Rgd8 24. Rxd4 Qxd4 25. Ke2 Bxc3 26. bxc3 Qd1+ 27. Kf2 Rd2+ 28. Kg3 Qxf1 29. Qf8+ Kc7 30. Qe7+ Rd7 31. Qc5 Rg7+ 32. Kh2 Qg2# 0-1

[Event "Titled Tuesday intern op 25th Mar Early"]
[Site "Chess.com INT"]
[Date "2025.03.25"]
[Round "5"]
[White "Sequera Paolini, Jose Rafael"]
[Black "Logozar, Elijah"]
[Result "1/2-1/2"]
[WhiteElo "2403"]
[BlackElo "1946"]
[PlyCount "126"]
[EventDate "2025.03.25"]
[EventType "swiss (blitz)"]
[EventRounds "11"]
[EventCountry "USA"]
[SourceTitle "CB14_2025"]
[SourceDate "2024.11.01"]
[SourceVersion "1"]
[SourceVersionDate "2024.11.01"]
[SourceQuality "1"]

1. e4 e6 2. f4 d5 3. e5 b6 4. Nf3 a5 5. d4 Ba6 6. Bxa6 Nxa6 7. 0-0 c5 8. c3 Nh6 9. Na3 Nf5 10. Qa4+ Qd7 11. Qxd7+ Kxd7 12. g4 Nh6 13. f5 Nxg4 14. fxe6+ fxe6 15. Nb5 Be7 16. Bg5 Raf8 17. Bxe7 Kxe7 18. Nd6 Nc7 19. Ng5 h6 20. Ngf7 Rhg8 21. Rf3 h5 22. Raf1 Ne8 23. Nc8+ Kd7 24. Nxb6+ Kc6 25. Nd8+ Kxb6 26. Rxf8 Rxf8 27. Rxf8 Nc7 28. dxc5+ Kxc5 29. Rf7 Kb6 30. Rxg7 Nxe5 31. Nxe6 Nxe6 32. Re7 Nf3+ 33. Kf2 Nfg5 34. h4 Ne4+ 35. Ke3 N6c5 36. Rh7 Nf6 37. Rh6 Ncd7 38. Kd4 Kb5 39. b3 a4 40. c4+ dxc4 41. bxc4+ Kc6 42. a3 Kd6 43. Rg6 Ke6 44. Rg5 Kd6 45. Ra5 Kc6 46. Rxa4 Kb6 47. Rb4+ Ka5 48. Rb5+ Ka4 49. Rd5 Nxd5 50. Kxd5 Kxa3 51. c5 Kb4 52. c6 Nb6+ 53. Ke6 Kc5 54. c7 Kc6 55. Kf5 Kxc7 56. Kg5 Kd6 57. Kxh5 Ke7 58. Kg6 Kf8 59. h5 Kg8 60. h6 Kh8 61. h7 Nd7 62. Kh6 Nf8 63. Kh5 Nxh7 1/2-1/2

[Event "Titled Tuesday intern op 17th Oct Late"]
[Site "Chess.com INT"]
[Date "2023.10.17"]
[Round "2"]
[White "Logozar, Elijah"]
[Black "Sokolovsky, Yahli"]
[Result "0-1"]
[WhiteElo "1908"]
[BlackElo "2447"]
[PlyCount "104"]
[EventDate "2023.10.17"]
[EventType "swiss (blitz)"]
[EventRounds "11"]
[EventCountry "USA"]
[SourceTitle "EXT 2025"]
[Source "ChessBase"]
[SourceDate "2024.10.14"]
[SourceVersion "1"]
[SourceVersionDate "2024.10.14"]
[SourceQuality "1"]

1. e4 d6 2. d4 g6 3. Nc3 Bg7 4. f4 Nf6 5. Nf3 Bg4 6. h3 Bxf3 7. Qxf3 Nc6 8. Be3 e5 9. dxe5 dxe5 10. f5 Nd4 11. Qf2 Qd7 12. g4 0-0-0 13. g5 Nh5 14. f6 Bf8 15. 0-0-0 Qc6 16. Bxd4 Rxd4 17. Rxd4 exd4 18. Qxd4 Bc5 19. Qd1 Ng3 20. Qg4+ Nf5 21. Bb5 Qe6 22. exf5 gxf5 23. Qc4 Qe3+ 24. Kb1 Rd8 25. Nd5 Qf3 26. Ne7+ Bxe7 27. Rc1 Bd6 28. Qxf7 Bf4 29. Qe6+ Kb8 30. Qe7 Qd1 31. Qxd8+ Qxd8 32. Re1 c6 33. f7 Kc7 34. Bc4 Bxg5 35. a3 Be7 36. Rg1 Qd6 37. Rg8 Bf8 38. Bb3 f4 39. Rg1 f3 40. Rf1 Qf4 41. c3 f2 42. Ka2 Qe3 43. Bc4 Qe4 44. Kb3 b5 45. Rxf2 Qxc4+ 46. Kc2 Qe4+ 47. Kb3 Qe3 48. Rg2 Qxh3 49. Rg8 Qe6+ 50. Kc2 Qxf7 51. Rh8 Qg7 52. Rxf8 Qxf8 0-1

[Event "Titled Tuesday intern op 17th Oct Late"]
[Site "Chess.com INT"]
[Date "2023.10.17"]
[Round "7"]
[White "Slaby, Jerzy"]
[Black "Logozar, Elijah"]
[Result "1-0"]
[WhiteElo "2469"]
[BlackElo "1908"]
[PlyCount "97"]
[EventDate "2023.10.17"]
[EventType "swiss (blitz)"]
[EventRounds "11"]
[EventCountry "USA"]
[SourceTitle "EXT 2025"]
[Source "ChessBase"]
[SourceDate "2024.10.14"]
[SourceVersion "1"]
[SourceVersionDate "2024.10.14"]
[SourceQuality "1"]

1. e4 c5 2. Nf3 Nc6 3. Bb5 d5 4. exd5 Qxd5 5. Nc3 Qe6+ 6. Ne2 a6 7. Bxc6+ Qxc6 8. 0-0 b5 9. d4 e6 10. Be3 Bb7 11. dxc5 Bxc5 12. Bxc5 Qxc5 13. Qd4 Qxd4 14. Nexd4 0-0-0 15. Rfd1 Nf6 16. Ne5 Rhf8 17. c4 bxc4 18. Rac1 Bd5 19. Nxc4 Bxc4 20. Rxc4+ Kb7 21. Rdc1 Rc8 22. Nc6 Nd5 23. g3 Nb6 24. R4c2 Nd5 25. Kg2 Kb6 26. h4 Rc7 27. Ne5 Rfc8 28. Rxc7 Rxc7 29. Rxc7 Kxc7 30. Nxf7 h6 31. Ne5 Nb4 32. a3 Kd6 33. Nf7+ Ke7 34. axb4 Kxf7 35. Kf3 Ke7 36. Ke4 Kd6 37. h5 Kc6 38. Ke5 Kb5 39. Kxe6 Kxb4 40. Kf7 Kb3 41. Kxg7 Kxb2 42. f4 a5 43. f5 a4 44. f6 a3 45. f7 a2 46. f8Q a1Q 47. Qf6+ Ka2 48. Qxa1+ Kxa1 49. Kxh6 1-0